Mozaika : citáty o vztazích /

Další autoři: Řežábek, Karel, 1968-, Pinknerová, Hana, 1963-
Jazyk: Čeština
Vydáno: Brno : Postilla, 2002
Vydání: 1. vyd.
Témata:
Fyzický popis: [78] s. : il. ; 15 cm
Knihy
Uloženo v:
LEADER 01450nam a2200421 a 4500
001 000760665
003 CZ BrMZK
005 20050517064657.0
007 ta
008 050124s2002 xr a er 000 0 cze d
015 |a cnb001178419 
020 |a 80-86442-12-8  |q (brož.) 
035 |a (OCoLC)85125602 
040 |a BOA001  |b cze 
072 7 |a 17  |x Etika. Morální filozofie  |2 Konspekt  |9 5 
080 |a 17.02  |2 MRF 
080 |a 316.472.4  |2 MRF 
080 |a 316.346.2  |2 MRF 
080 |a 316.472.42  |2 MRF 
080 |a 316.356.2  |2 MRF 
080 |a (0:82-84)  |2 MRF 
245 0 0 |a Mozaika :  |b citáty o vztazích /  |c [citáty vybral Karel Řežábek ; sestavila Hana Pinknerová ; ilustrace Jiří Vidlák] 
250 |a 1. vyd. 
260 |a Brno :  |b Postilla,  |c 2002 
300 |a [78] s. :  |b il. ;  |c 15 cm 
650 0 7 |a životní moudrost  |7 ph128026  |2 czenas 
650 0 7 |a interpersonální vztahy  |7 ph114786  |2 czenas 
650 0 7 |a muži a ženy  |7 ph123061  |2 czenas 
650 0 7 |a partnerské vztahy  |7 ph115684  |2 czenas 
650 0 7 |a rodinné vztahy  |7 ph135535  |2 czenas 
655 7 |a citáty  |7 fd131832  |2 czenas 
655 7 |a aforismy  |7 fd131784  |2 czenas 
700 1 |a Řežábek, Karel,  |d 1968-  |7 jn20000403067  |4 com 
700 1 |a Pinknerová, Hana,  |d 1963-  |7 mzk2005266613  |4 com 
910 |a BOA001  |b S-1145.752 
990 |a BK 
991 |b 200505  |c NOV 
996 6 |b 2610243960  |c S-1145.752  |l MZK  |r Sklad / do 24 hodin  |n 4  |p p.v.  |w 000760665  |u 000010  |a 1  |e BOA001  |j MZK50  |s P